सदाबहार देवानंद (Record no. 389389)

MARC details
000 -LEADER
fixed length control field 00511nam a2200157Ia 4500
008 - FIXED-LENGTH DATA ELEMENTS--GENERAL INFORMATION
fixed length control field 100122s9999 xx 000 0 und d
082 ## - DEWEY DECIMAL CLASSIFICATION NUMBER
Item number 73430
Classification number 927.92
100 ## - MAIN ENTRY--PERSONAL NAME
Personal name औरंगाबादकर अनुराधा
245 ## - TITLE STATEMENT
Title सदाबहार देवानंद
250 ## - EDITION STATEMENT
Edition statement 2
260 ## - PUBLICATION, DISTRIBUTION, ETC. (IMPRINT)
Name of publisher, distributor, etc प्रतीक प्रकाशन
Date of publication, distribution, etc 2007
300 ## - PHYSICAL DESCRIPTION
Extent 369
630 ## - SUBJECT ADDED ENTRY--UNIFORM TITLE
Uniform title सदाबहार देवानंद
730 ## - ADDED ENTRY--UNIFORM TITLE
Uniform title सदाबहार देवानंद
942 ## - ADDED ENTRY ELEMENTS (KOHA)
Koha item type Book
Holdings
Withdrawn status Lost status Damaged status Not for loan Home library Current library Date acquired Cost, normal purchase price Total Checkouts Full call number Barcode Date last seen Cost, replacement price Price effective from Koha item type Public note
        S.V. Pathak Library, Vile Parle S.V. Pathak Library, Vile Parle 03/31/2008 400.00   73430 SVPPARLE-73430 01/25/2010 400.00 01/25/2010 Book ", , ,"